| 000 | 004920000a22001810004500 | ||
|---|---|---|---|
| 041 | 0 | _aSPA | |
| 082 | 0 | 4 | _aG 270.92 H558f |
| 100 | 1 | _aHernández, Carmelo | |
| 245 | 1 | 0 | _aFuentes de la espiritualidad de la liberación / Carmelo Hernández |
| 260 | _aQuito, Ecuador : Ecuador | ||
| 300 | _a103 Pag | ||
| 650 | 1 | 4 | _aTEOLOGIA DE LA LIBERACION |
| 001 | 3491 | ||
| 942 | _cBK | ||
| 999 |
_c34155 _d34155 |
||
| 336 |
_atexto _btxt _2rdacontent |
||
| 337 |
_2rdamedia _asin mediación _bn |
||
| 338 |
_2rdacarrier _avolumen _bnc |
||